000 01329nam a2200337 a 4500
001 ebr10292303
003 CaPaEBR
006 m u
007 cr cn|||||||||
008 091202s2004 caua sb 000 0 eng d
020 _z9781932181159
020 _z9781932181326
020 _z1932181156
040 _aCaPaEBR
_cCaPaEBR
035 _a(OCoLC)551889950
050 1 4 _aHM711
_b.C43 2004eb
100 1 _aCharles, Cheryl.
245 1 0 _aComing home
_h[electronic resource] :
_bcommunity, creativity and consciousness /
_cCheryl Charles, Bob Samples.
260 _aFawnskin, Calif. :
_bPersonhood Press,
_cc2004.
300 _axii, 258 p. :
_bill.
504 _aIncludes bibliographical references (p. 254-256).
505 0 _apt. 1. The context -- pt. 2. Community -- pt. 3. Creativity -- pt. 4. Consciousness.
533 _aElectronic reproduction.
_bPalo Alto, Calif. :
_cebrary,
_d2010.
_nAvailable via World Wide Web.
_nAccess may be limited to ebrary affiliated libraries.
650 0 _aCommunity life.
650 0 _aOrganizational sociology.
650 0 _aSocial groups.
655 7 _aElectronic books.
_2local
700 1 _aSamples, Bob.
710 2 _aebrary, Inc.
856 4 0 _uhttp://site.ebrary.com/lib/rucke/Doc?id=10292303
_zAn electronic book accessible through the World Wide Web; click to view
999 _c75468
_d75468